| 000 | 00493 a2200181 4500 | ||
|---|---|---|---|
| 003 | OSt | ||
| 005 | 20240123123835.0 | ||
| 008 | 240123b |||||||| |||| 00| 0 eng d | ||
| 020 | _a9789387961234 | ||
| 040 | _coclc | ||
| 082 |
_a910 _bSUR/M |
||
| 100 |
_aSurendhran, P. _910307 |
||
| 245 |
_aMarubhoomiyile Thenarakal / _cP. Surendhran |
||
| 250 | _a3rd ed. | ||
| 260 |
_aCalicut: _bIPB Books, _c2021. |
||
| 300 | _a106p. | ||
| 942 |
_2ddc _cBK _h910 _iSUR/M _k910 _mSUR/M |
||
| 999 |
_c43302 _d43302 |
||